000
00234 a2200097 4500
020
_a
9786077380856
041
_a
spa
100
_a
Siglain, Michael
245
_a
Capitan america y el soldado del invierno, rescate en el mar
942
_c
BK
999
_c
30879
_d
30877